Plant disease resistance genes: Current status and future directions (Record no. 65083)

MARC details
000 -LEADER
fixed length control field 00476nam a2200157Ia 4500
100 ## - MAIN ENTRY--AUTHOR NAME
Personal name Gururani Mayank Anand
245 #0 - TITLE STATEMENT
Title Plant disease resistance genes: Current status and future directions
260 ## - PUBLICATION, DISTRIBUTION, ETC. (IMPRINT)
Name of publisher Physiological and Molecular Plant Pathology
Year of publication 2012
300 ## - PHYSICAL DESCRIPTION
Number of Pages 51-65
650 ## - SUBJECT ADDED ENTRY--TOPICAL TERM
Topical Term Disease management
650 ## - SUBJECT ADDED ENTRY--TOPICAL TERM
Topical Term Plant diseases
650 ## - SUBJECT ADDED ENTRY--TOPICAL TERM
Topical Term Plant pathogens
650 ## - SUBJECT ADDED ENTRY--TOPICAL TERM
Topical Term Resistance genes
942 ## - ADDED ENTRY ELEMENTS (KOHA)
Koha item type Journals
Holdings
Withdrawn status Lost status Damaged status Not for loan Home library Current library Shelving location Date acquired Serial Enumeration / chronology Koha item type
      Journals RRII Library RRII Library Pathology 24/07/2012 Volume 78, Issue April Journals